Stopnie LSO - Statystyki

Ogólne statystyki
  • Ten quiz został rozwiązany 23 razy
  • Średni wynik to 3 z 5
Statystyki odpowiedzi
LSO Odpowiedź % Poprawnych
LSO lektor
100%
LSO ministrant
82%
LSO ceremoniarz
59%
LSO animator
18%
LSO Kandydat na ministarnta
0%
Nie znaleziono quizów pasujących do podanych kryteriów
Rozkład punktacji
Procent ludzi z każdym wynikiem
Percentyl według liczby udzielonych odpowiedzi
Twoja historia wyników
Nie rozwiązałeś tego quizu